| 000 | 01568cam a2200349 a 4500 | ||
|---|---|---|---|
| 999 |
_c173225 _d173225 |
||
| 001 | 14437997 | ||
| 003 | Nust | ||
| 005 | 20180718053411.0 | ||
| 008 | 060705s2007 nyua 000 1 eng | ||
| 010 | _a 2006022176 | ||
| 020 |
_a9780330509527 _cRs. 676 |
||
| 035 | _a(OCoLC)ocm70265594 | ||
| 035 | _a(OCoLC)70265594 | ||
| 038 | _aArshad | ||
| 040 |
_aDLC _cDLC _dBAKER _dBTCTA _dC#P _dYDXCP _dDLC |
||
| 041 | 1 |
_aeng _hspa |
|
| 050 | 0 | 0 |
_aPQ8098.12.O38 _bD4813 2007 |
| 082 | 0 | 0 |
_a863.64 _bBOL |
| 100 | 1 |
_aBolaño, Roberto, _d1953-2003. _911768 |
|
| 240 | 1 | 0 |
_aDetectives salvajes. _lEnglish |
| 245 | 1 | 4 |
_aThe savage detectives / _cRoberto Bolaño ; translated from the Spanish by Natasha Wimmer. |
| 250 | _a1st American ed. | ||
| 260 |
_aNew York : _bFarrar, Straus and Giroux, _c2007. |
||
| 300 |
_a591 p. : _bill. ; _c24 cm. |
||
| 700 | 1 |
_aWimmer, Natasha. _911769 |
|
| 856 | 4 | 2 |
_3Contributor biographical information _uhttp://www.loc.gov/catdir/enhancements/fy0665/2006022176-b.html |
| 856 | 4 | 2 |
_3Publisher description _uhttp://www.loc.gov/catdir/enhancements/fy0665/2006022176-d.html |
| 856 | 4 | 1 |
_3Sample text _uhttp://www.loc.gov/catdir/enhancements/fy0727/2006022176-s.html |
| 906 |
_a7 _bcbc _corignew _d1 _eecip _f20 _gy-gencatlg |
||
| 942 |
_2ddc _cBK |
||